Statistics for MCU Primary Villains

Click here to take the quiz!

General Stats

  • This quiz has been taken 167 times
    (115 since last reset)
  • The average score is 17 of 19

Answer Stats

MovieVillain (titular or otherwise)% Correct
Avengers: Age of____Ultron
100%
Avengers: EndgameThanos
99%
Avengers: Infinity WarThanos
99%
Captain America: First AvengerRedskull
96%
AvengersLoki
95%
ThorLoki
95%
Spider-Man: Far From HomeMysterio
95%
Spider-Man: HomecomingThe Vulture
95%
Captain America: The _____ ______Winter Soldier/Bucky Barnes
95%
Thor: RagnarokHela
92%
Ant-ManYellowJacket/Darren Cross
92%
Iron-Man 2Whiplash/Ivan Vanko
89%
Captain America: Civil WarHelmut Zemo
87%
Iron-Man 3The Mandarin/Aldrich Killian
87%
Ant-Man & The WaspGhost/Ava Starr
86%
Iron ManIron Monger/Obadiah Stane
84%
Doctor StrangeDormammu
76%
Thor: The Dark WorldMalekith
75%
Captain MarvelThe Skrull
23%

Score Distribution

Percentile by Number Answered

Percent of People with Each Score

Your Score History

You have not taken this quiz since the last reset